000
00315 a2200133 4500
000
nam a22 7a 4500
100
_a
Magnus ,Hartley
110
_a
Magnus ,Hartley
245
_a
Bacterial Pathogenesis
250
_a
latest edition
260
_b
BRILLIANCE
_c
2025
264
_b
BRILLIANCE
_c
2025
942
_c
BK
999
_c
394056
_d
394056